<?xml version='1.0' encoding='UTF-8'?>
  <record xmlns="http://www.loc.gov/MARC21/slim">
    <leader>00000cam a22000007i 4500</leader>
    <controlfield tag="001">ocm69066741</controlfield>
    <controlfield tag="003">OCoLC</controlfield>
    <controlfield tag="005">20250822153631.7</controlfield>
    <controlfield tag="008">960118s1591    ne            000 0 dut d</controlfield>
    <datafield tag="040" ind1=" " ind2=" ">
      <subfield code="a">NLGGC</subfield>
      <subfield code="b">dut</subfield>
      <subfield code="e">fobidrtb</subfield>
      <subfield code="c">NLGGC</subfield>
    </datafield>
    <datafield tag="029" ind1="0" ind2=" ">
      <subfield code="a">NLGGC</subfield>
      <subfield code="b">144467143</subfield>
    </datafield>
    <datafield tag="035" ind1=" " ind2=" ">
      <subfield code="a">(OCoLC)69066741</subfield>
    </datafield>
    <datafield tag="072" ind1=" " ind2="7">
      <subfield code="a">l</subfield>
      <subfield code="2">odfysin</subfield>
    </datafield>
    <datafield tag="245" ind1="0" ind2="0">
      <subfield code="a">Aenhang van de burgerlicke keuren belangende de opzicht ende verzorginge jegens brand ende gelijc ongeluc, gemaect, vermeerdert ende verandert by Schout en de Schepenen dezer stadt Leyden, mit goetduncken ende advijs van Burgermeesteren der zelver stede.</subfield>
    </datafield>
    <datafield tag="260" ind1=" " ind2=" ">
      <subfield code="a">Ten bevele van die vande Gerechte der voorschreven stadt Leyden :</subfield>
      <subfield code="b">gedruct opt Raedhuys aldaer,</subfield>
      <subfield code="c">1591.</subfield>
    </datafield>
    <datafield tag="300" ind1=" " ind2=" ">
      <subfield code="a">? :</subfield>
      <subfield code="b">ill. ;</subfield>
      <subfield code="c">in-4.</subfield>
    </datafield>
    <datafield tag="336" ind1=" " ind2=" ">
      <subfield code="a">tekst</subfield>
      <subfield code="b">txt</subfield>
      <subfield code="2">rdacontent/dut</subfield>
    </datafield>
    <datafield tag="337" ind1=" " ind2=" ">
      <subfield code="a">zonder medium</subfield>
      <subfield code="b">n</subfield>
      <subfield code="2">rdamedia/dut</subfield>
    </datafield>
    <datafield tag="338" ind1=" " ind2=" ">
      <subfield code="a">band</subfield>
      <subfield code="b">nc</subfield>
      <subfield code="2">rdacarrier/dut</subfield>
    </datafield>
    <datafield tag="500" ind1=" " ind2=" ">
      <subfield code="a">Collatieformule: A-C 4  (C4 blanco).</subfield>
    </datafield>
    <datafield tag="500" ind1=" " ind2=" ">
      <subfield code="a">Gedrukt met civilité-letter.</subfield>
    </datafield>
    <datafield tag="500" ind1=" " ind2=" ">
      <subfield code="a">A.h. slot: "... By my J. van Hout"</subfield>
    </datafield>
    <datafield tag="500" ind1=" " ind2=" ">
      <subfield code="a">Met ill (afb. van brandemmers en -ladders).</subfield>
    </datafield>
    <datafield tag="510" ind1="0" ind2=" ">
      <subfield code="a">TB 6736</subfield>
    </datafield>
    <datafield tag="510" ind1="0" ind2=" ">
      <subfield code="a">Overvoorde (Catalogus Leiden) 2922</subfield>
    </datafield>
    <datafield tag="510" ind1="0" ind2=" ">
      <subfield code="a">Van Someren 156</subfield>
    </datafield>
    <datafield tag="530" ind1=" " ind2=" ">
      <subfield code="a">Titel is geselecteerd voor digitalisering voor de Universiteit van Amsterdam in het kader van het Google Books-project.</subfield>
    </datafield>
    <datafield tag="700" ind1="1" ind2=" ">
      <subfield code="a">Hout, Jan van,</subfield>
      <subfield code="d">1542-1609.</subfield>
      <subfield code="0">(NL-LeOCL)070090165</subfield>
    </datafield>
    <datafield tag="700" ind1="1" ind2=" ">
      <subfield code="a">Raedthuys, opt</subfield>
      <subfield code="c">Leiden.</subfield>
      <subfield code="4">prt</subfield>
      <subfield code="0">(NL-LeOCL)195534069</subfield>
    </datafield>
    <datafield tag="776" ind1="0" ind2=" ">
      <subfield code="t">Aenhang van de burgerlicke keuren belangende de opzicht ende verzorginge jegens brand ende gelijc ongeluc, gemaect, vermeerdert ende verandert by Schout en de Schepenen dezer stadt Leyden, mit goetduncken ende advijs van Burgermeesteren der zelver stede</subfield>
      <subfield code="w">(NL-LeOCL)394446631</subfield>
    </datafield>
    <datafield tag="776" ind1="0" ind2=" ">
      <subfield code="t">Aenhang van de burgerlicke keuren belangende de opzicht ende verzorginge jegens brand ende gelijc ongeluc, gemaect, vermeerdert ende verandert by Schout en de Schepenen dezer stadt Leyden, mit goetduncken ende advijs van Burgermeesteren der zelver stede</subfield>
      <subfield code="w">(NL-LeOCL)396800742</subfield>
    </datafield>
    <datafield tag="856" ind1="4" ind2="2">
      <subfield code="y">Short Title Catalogue, Netherlands</subfield>
      <subfield code="u">http://resolver.kb.nl/resolve?urn=STCN:832604437:record</subfield>
      <subfield code="z">zie de oorspronkelijke beschrijving bij de STCN voor mogelijk overige vindplaatsen</subfield>
      <subfield code="7">0</subfield>
    </datafield>
    <datafield tag="936" ind1=" " ind2=" ">
      <subfield code="a">BATCHLOAD</subfield>
    </datafield>
  </record>